000 00301nam a22001337a 4500
008 181023b xxu||||| |||| 00| 0 eng d
020 _a9780944210994
041 _aeng
080 _a370
100 _a9
101 _aMJE
245 _aMking Difference College Teacher
_cMarto.n
942 _2udc
_cBK
999 _c50681
_d50681